000 00664nam a2200181 i 4500
001 57707
003 ES-MaACL
005 20230906163628.0
007 t|
008 031017s1951 sp ||||1| spa d
100 1 _aDomagk, Gerhard.
_945054
245 1 0 _aQuimioterapia de la tuberculosis por las tiosemicarbazonas /
_cpor Gerhard Domagk ; traducción del alemán por N. Lloret-Barber ; prólogo por J. Oriol-Anguera.
260 _aMadrid, etc. :
_bCientífico Médica,
_c1951 (
_fS.A.D.A.G.)
300 _aXVI, 445 p., 2 lám. :
_bil. ;
_c26 cm.
700 1 _aLloret Barber, N.
_972921
700 1 _aOriol-Angue, J.
_987264
852 _aES-MaACL
_jD-6809
_bR.31860
999 _c57707
_d57707